000 00255nam a22001217a 4500
008 190306b xxu||||| |||| 00| 0 eng d
041 _aeng
080 _24th
_a573
100 _a11
101 _aBIO
245 _aBiology
_cCampbell,N.A
942 _2udc
_cBK
999 _c54603
_d54603